Control de "Chondrilla juncea"con Clopyralid y Picloram en condiciones de humedad y fertilidad /

Guardado en:
Autor Principal: Moulin, Guillermo A.
Autor Corporativo: Universidad Nacional del Sur. Departamento de Agronomía.
Otros Autores: Irigoyen, Jorge, (tutor.)
Formato: Libro
Idioma:Spanish
Publicado: Bahía Blanca, 2008.
Etiquetas: Agregar Etiqueta
Sin Etiquetas, Sea el primero en etiquetar este registro!
LEADER 00729nam a22001695a 4500
001 EEA.libagro008115
005 20161018130109.0
008 130809s2008####ag#a##########000#0#spa#d
082 0 4 |a 632.954 
100 1 |a Moulin, Guillermo A. 
245 1 0 |a Control de "Chondrilla juncea"con Clopyralid y Picloram en condiciones de humedad y fertilidad /  |c Guillermo A. Moulin. 
260 |a Bahía Blanca,  |c 2008. 
300 |a 35 p. :  |b ilus. ;  |c 30 cm. 
502 |a Trabajo de intensificación (Ingeniero Agrónomo) -- Universidad Nacional del Sur. Departamento de Agronomía, 2008. 
700 1 |a Irigoyen, Jorge,  |e tutor. 
710 2 |a Universidad Nacional del Sur.  |b Departamento de Agronomía. 
859 |a AR-BbBCA  |b BIB. AGRONOMIA  |h 632.954  |i M926  |p 2009/5504